000 00901nam a2200265 a 4500
001 ocn432975049
005 20170608110829.0
008 1 s2005 sp ao gr 001 0 spa d
020 _a8441321124
020 _a9788441321120
035 _a(OCoLC)432975049
040 _aCo-BoUCM
_bspa
_cEdgar Pinilla
_dEdgar Pinilla
100 1 _aDurando, Furio
_979477
245 1 0 _aGrecia antigua
_c[textos, Furio Durando]
260 _aBarcelona (España)
_bFolio
_c2005
300 _a288 páginas
_bilustraciones, fotos
490 0 _aGrandes civilizaciones del pasado
504 _aIncluye referencias bibliográficas e índices
650 0 4 _aArte griego
_xHistoria
_979478
650 0 4 _aCivilización griega
_xHistoria
_962128
651 4 _aGrecia
_xRestos arqueológicos
_979479
942 _2DEWEY
_cLIBRO
_a17
_e1
_h709.38 D949
_mD949
041 _aspa
999 _c304248
_d304248